Responses for Show #6779 - Thursday, February 20, 2014

2014 College Championship final game 1.

Contestants

[<< previous game]

Terry O'Shea, a sophomore at Princeton University from Bridgewater, New Jersey

Tucker Pope, a junior from Texas A&M University from Lubbock, Texas

Kevin Shen, a junior from the University of California, Berkeley from Cupertino, California

[next game >>]

Jeopardy! Round responses

COLD-BLOODED KILLERS
6-SYLLABLE WORDS
TEACHING "ASSISTANT"
FEMALE FANTASY CHARACTERS
IT TAKES 2
CELEBRITIES' MIDDLE NAMES
    $200 16
a shark

Kevin
    $200 1
(Alex: I loved it, Kevin. You just did one of these... [Mutters and wiggles fingers as if counting] Does [*] have, uh, that many syllables?)
(Terry: Oh!)
(Alex: That's the word we were going for.)

veterinarian

Triple Stumper
    $200 4
resident assistant

Terry
    $200 19
Hermione Granger

Tucker
    $200 11
nelson

Tucker
    $200 24
Love

Tucker
    $400 17
(Tucker: What is a boa constrictor?)

python

KevinTucker
    $400 2
inferiority

Kevin
    $400 5
assistant coaches

Terry
    $400 20
a knight

Kevin
    $400 12
talking

Terry
    $400 25
Anton

Tucker
    $600 18
crocodile

Terry
    $600 3
interplanetary

Terry
    $600 6
Assistant Secretary

Tucker
    $600 21
Bella Swan

Terry
    $600 13
tandem

Tucker
    $600 26
Dallas

Tucker
    $800 29
a viper

Tucker
    $800 9
overstimulation

Triple Stumper
    $800 7
(Terry: Who is the assistant camera?)

assistant director

Terry
Triple Stumper
    $800 22
the Mortal Instruments series

Terry
    $800 14
bridge

Kevin
    $800 27
William

Tucker
    $1000 30
a monitor

Kevin
    $1000 10
(Kevin: What is Presbyterianism?)
...
(Alex: What is [*]? Catholics who flunked Latin.)
[Laughter]

Episcopalian

Kevin
Triple Stumper
    $1000 8
administrative assistant

Kevin
    $2,800 23
[Applause and cheering after Terry's correct response]
(Terry: Okay.)
(Alex: I see you brought your fans to the studio today.)

Avalon

Terry
    $1000 15
(Kevin: What is a bandsaw?)

crosscut saw

Kevin
Triple Stumper
    $1000 28
(Alex: Well done. You ran the category.)
[Applause and cheers]
(Alex: Some of your fans are in the audience as well.)

Elizabeth

Tucker

Scores at the first commercial break (after clue 14):

Kevin Tucker Terry
$1,200 $1,400 $800

Scores at the end of the Jeopardy! Round:

Kevin Tucker Terry
$2,200 $5,000 $5,600

Double Jeopardy! Round responses

PIER REVIEWS
JUST ONE VOWEL
AGES & AGES
HIP-HOPPERS
SOCIAL LIFE
CARNIVAL KNOWLEDGE
    $400 22
San Francisco

Kevin
    $400 1
shorn

Terry
    $400 6
bronze

Terry
    $400 16
(Kevin: What is Lil'?)

Young

KevinTerry
    $400 11
boosters

Terry
    $400 17
Lent

Terry
    $800 23
Navy Pier

Triple Stumper
    $800 2
(Tucker: [Shaking his head] What is nape?)
...
(Alex: Sorry, Kevin, not quickly enough.)

scruff

Tucker
Triple Stumper
    $800 7
the Middle Ages

Terry
    $800 27
Nicki Minaj

Tucker
    $800 12
boarding house

Triple Stumper
    $800 18
blacks & whites

Kevin
    $1200 24
British Columbia

Terry
    $1200 3
flush

Kevin
    $1200 8
Queens of the Stone Age

Tucker
    $1200 28
Toronto

Tucker
    $1200 13
a rave

Tucker
    $1200 19
Rio de Janeiro

Kevin
    $1600 25
Key West

Kevin
    $1600 4
prompt

Terry
    $2,400 9
(Tucker: [Shakes head])
(Alex: Big news at the time--[*].)

The Gilded Age

Tucker
    $1600 29
"Fight The Power"

Triple Stumper
    $2,200 14
empty nest

Tucker
    $1600 20
January

Kevin
    $2000 26
Logan

Tucker
    $2000 5
blight

Terry
    $2000 10
the Information Age

Kevin
    $2000 30
Fabolous

Triple Stumper
    $2000 15
hippies

Tucker
    $2000 21
(Tucker: What is Monte Carlo?)
...
(Alex: Close by. French city is [*]. Monte Carlo is in Monaco.)

Nice

Tucker
Triple Stumper

Scores at the end of the Double Jeopardy! Round:

Kevin Tucker Terry
$10,600 $10,400 $13,200

Final Jeopardy! Round responses

AUTHORS
TuckerWho is Thoreau?
$4,400
KevinWho is Emerson?
$1,835
TerryWho is Thoreau?
$6,600
Thoreau

Final scores:

Kevin Tucker Terry
$8,765 $14,800 $19,800

Game dynamics:

Coryat scores:

Kevin Tucker Terry
$10,600 $12,200 $11,400
14 R,
3 W
17 R
(including 1 DD),
4 W
(including 1 DD)
17 R
(including 1 DD),
1 W

Combined Coryat: $34,200

[game clues] [game scores] [suggest correction]

Game tape date: 2014-01-08
The J! Archive is created by fans, for fans. Scraping, republication, monetization, and malicious use prohibited; this site may use cookies and collect identifying information. See terms. The Jeopardy! game show and all elements thereof, including but not limited to copyright and trademark thereto, are the property of Jeopardy Productions, Inc. and are protected under law. This website is not affiliated with, sponsored by, or operated by Jeopardy Productions, Inc. Join the discussion at JBoard.tv.